| 000 | 00351 a2200109 4500 | ||
|---|---|---|---|
| 001 | ART_26485 | ||
| 005 | 20260410161933.0 | ||
| 008 | 260409a | ||
| 245 | 1 | 0 | _aLa aplicación del impuesto al gasto en lugar del impuesto a los réditos |
| 100 | 1 | _aForino, Sabatino A. | |
| 773 | 0 |
_tInforme _g- Año III, Nº 22 (abr. 1971) _wREV23765 |
|
| 999 |
_c28793 _d28793 |
||